000 00857cam a2200205 4500
001 X121250
008 030205n2003 000 0 eng u
035 _a(Sirsi) u121250
245 _aThaumasite: expert group reports
260 _c2003
490 _aODPM News Release
_v4 February 2003, (1)
520 _aThaumasite expert group reports back on the nature and threat of the thaumasite form of sulphate attack and to provide guidance on its avoidance. There are two reports, the one year review: http://www.safety.odpm.gov.uk/bregs/tegreports/pdf/teg-mar-2000.pdf and the three year report: http://www.safety.odpm.gov.uk/bregs/tegreports/pdf/teg-mar-2002.pdf
590 _aWB
650 _aTHAUMASITE
650 _aTHAUMASITE EXPERT GROUP
650 _aSULPHATE ATTACK
650 _aTRANSPORT
690 _aHealth and safety
_96244
942 _n0
999 _c72061
_d72061